| 000 | 01425cam a22003497a 4500 | ||
|---|---|---|---|
| 999 |
_c23419 _d23419 |
||
| 001 | 15182445 | ||
| 005 | 20170126111105.0 | ||
| 008 | 080215s2008 nyuac bc 001 0 eng d | ||
| 010 | _a 2008923158 | ||
| 020 | _a0945936869 | ||
| 020 | _a9780945936862 | ||
| 035 | _a(OCoLC)ocn216929699 | ||
| 040 |
_aNCNAM _cNCNAM _dGZM _dDLC |
||
| 042 | _alccopycat | ||
| 050 | 0 | 0 |
_aND237 _b.B4573A4 2008 |
| 100 | 1 | _aPeters, Lisa N. | |
| 245 | 1 | 0 |
_aOver seven decades : _bthe art of Gershon Benjamin, 1899-1985 / _cLisa N. Peters. |
| 246 | 3 | 0 | _aArt of Gershon Benjamin, 1899-1985 |
| 260 |
_aNew York, N.Y. : _bSpanierman Gallery, _c2008. |
||
| 300 |
_a144 p. : _bcol. ill., ports ; _c28 cm. |
||
| 500 | _aCatalog of an exhibition held at Spanierman Gallery, New York, Mar. 27-Apr. 26, 2008. | ||
| 500 | _aChecklist of works for sale tipped in. | ||
| 504 | _aIncludes bibliographical references and index. | ||
| 610 | 1 | 0 |
_aBenjamin, Gershon, _d1899-1985 _vExhibitions. |
| 700 | 1 |
_aBenjamin, Gershon, _d1899-1985. |
|
| 710 | 2 | _aSpanierman Gallery. | |
| 856 | 4 | 1 |
_3Table of contents only _uhttp://www.loc.gov/catdir/toc/fy1002/2008923158.html |
| 942 |
_2lcc _cBOOKS _hND237 .B4573A4 2008 |
||